Characteristics of Wyoming stock-water ponds and dike spreader systems /

Bibliographic Details
Main Author: Smith, Verne E.
Corporate Authors: University of Wyoming. Water Resources Research Institute, Wyoming. Water Planning Program
Format: Book
Language:English
Published: Laramie : University of Wyoming, Water Resources Research Institute, 1974.
Series:Water resources series (Wyoming Water Research Center) ; no. 47.
Subjects:

MARC

Tag First Indicator Second Indicator Subfields
LEADER 00000cam a2200000 i 4500
001 in00000996113
005 20150927155505.0
008 760209s1974 wyua b s00010 engm
010 |a  75621383  
035 |a (OCoLC)02034990 
035 |9 AEY3300AM 
040 |a DLC  |c DLC  |d m.c.  |d m/c  |d TXA  |d UtOrBLW 
043 |a n-us-wy 
049 1 |a TXA2 
050 0 0 |a TD201  |b .W9 no. 47  |a GB1825.W8 
082 0 |a 553/.7/09787 s  |a 551.4/82/09787 
090 |a TD201  |b .W9 no. 47 
100 1 |a Smith, Verne E. 
245 1 0 |a Characteristics of Wyoming stock-water ponds and dike spreader systems /  |c Verne E. Smith. 
264 1 |a Laramie :  |b University of Wyoming, Water Resources Research Institute,  |c 1974. 
300 |a 41 pages :  |b illustrations ;  |c 28 cm. 
336 |a text  |b txt  |2 rdacontent 
337 |a unmediated  |b n  |2 rdamedia 
338 |a volume  |b nc  |2 rdacarrier 
490 1 |a Water Resources Series ;  |v no. 47 
504 |a Bibliography: pages 40-41. 
650 0 |a Ponds  |z Wyoming. 
650 0 |a Grazing  |z Wyoming. 
650 0 |a Dikes (Engineering) 
650 0 |a Water-supply, Agricultural  |z Wyoming. 
650 0 |a Runoff  |z Wyoming. 
650 0 |a Stock ponds. 
710 2 |a University of Wyoming.  |b Water Resources Research Institute. 
710 1 |a Wyoming.  |b Water Planning Program. 
830 0 |a Water resources series (Wyoming Water Research Center) ;  |v no. 47. 
999 |a MARS 
999 f f |s 96af3163-abe3-3037-a85a-7c4f9aaf6573  |i 66bcebc6-d054-3c24-bc6e-1753fd3d3573  |t 0 
952 f f |p normal  |a Texas A&M University  |b College Station  |c Sterling C. Evans Library  |d Evans: Library Stacks  |t 0  |e TD201 .W9 no.47  |h Library of Congress classification  |i unmediated -- volume  |m A14813561648 
998 f f |a TD201 .W9 no.47  |t 0  |l Evans: Library Stacks